Motor fitness characteristics of hearing impaired and normal hearing children /

Bibliographic Details
Main Author: Campbell, Mary Elizabeth
Format: Thesis Microform Book
Language:English
Published: [Place of publication not identified] : [publisher not identified] ; 1983.
Subjects:

MARC

Tag First Indicator Second Indicator Subfields
LEADER 00000cam a2200000 a 4500
001 in00000019138
005 20151007054157.0
007 he bmb|||||||
008 850611r19851983orua bb 00010 eng d
035 |a (OCoLC)12143098 
035 |9 AAB4224AM 
040 |a ORU  |c MIA  |d MIA  |d HPE  |d TXA  |d UtOrBLW 
049 |a TXAI 
099 |a fiche  |a C  |a 8481 
100 1 |a Campbell, Mary Elizabeth. 
245 1 0 |a Motor fitness characteristics of hearing impaired and normal hearing children /  |c by Mary Elizabeth Campbell. 
264 1 |a [Place of publication not identified] :  |b [publisher not identified] ;  |c 1983. 
300 |a ix, 114 leaves :  |b illustrations 
336 |a text  |b txt  |2 rdacontent 
337 |a microform  |b h  |2 rdamedia 
338 |a microfiche  |b he  |2 rdacarrier 
502 |b M.S.  |c Northeastern University  |d 1983. 
504 |a Bibliography: leaves [111]-114. 
533 |a Microfiche.  |b Eugene :  |c Microform Publications, College of Human Development and Performance, University of Oregon,  |d 1985.  |e 2 microfiches : negative ; 11 x 15 cm. 
500 |a Microform. 
650 0 |a Physical fitness for children. 
650 0 |a Physical education for children with disabilities. 
650 0 |a Hearing impaired children. 
999 |a MARS 
999 f f |s 42c090aa-aad4-3241-a60f-1396ead855b0  |i 5561e266-60a8-3b7f-bab2-ef5448915dee  |t 0 
952 f f |p normal  |a Texas A&M University  |b College Station  |c Sterling C. Evans Library  |d Evans: Microforms (3rd floor)  |t 0  |e fiche C 8481  |h Other scheme  |i microform -- microfiche  |m A14822817632 
998 f f |a fiche C 8481  |t 0  |l Evans: Microforms (3rd floor)